| 000 | 00995nam a22003137a 4500 | ||
|---|---|---|---|
| 003 | CHAP | ||
| 005 | 20220329140432.0 | ||
| 008 | 971013s1966 r 00010 d | ||
| 010 | _a51905 | ||
| 011 | _a52877 | ||
| 035 | _a57027 | ||
| 040 | _cCHAP | ||
| 090 | _aFolleto 5765 | ||
| 100 | 0 | 0 |
_aWinger, R. J., Jr. _9122269 |
| 245 | _aGuide for investigation of subsurface drainage problems on irrigated lands | ||
| 260 |
_aSt. Joseph, Mich. : _bAmerican Society of Agricultural Engineers, _c1966 |
||
| 300 |
_a39 p. _b; apén. |
||
| 590 |
_aBATCH-UPD _b10 _c20130110 _lUCH01 _h0834 |
||
| 590 |
_aBATCH-UPD _b10 _c20130410 _lUCH01 _h0512 |
||
| 590 |
_aBATCH-UPD _b10 _c20130914 _lUCH01 _h1221 |
||
| 590 |
_aCONVERSION _b10 _c20130109 _lUCH01 _h1328 |
||
| 650 | 1 | 4 |
_aAgua subterranea. _92456 |
| 650 | 1 | 4 |
_aDrenaje. _934190 |
| 650 | 1 | 4 |
_aIrrigación. _960366 |
| 700 | 0 |
_aLuthin, James N. _969205 |
|
| 901 | _aBK | ||
| 942 | _cFOLL | ||
| 949 |
_aFolleto 5765 _bBC _cFOLL _d-124228 _eTS1 _i57027 _si _t230.00 |
||
| 999 |
_c51905 _d51905 |
||